000 00969nam a22003017a 4500
003 CHAP
005 20220329140506.0
008 971013s1966 r 00010 d
010 _a52773
011 _a53745
035 _a57895
040 _cCHAP
082 _a630.23
_bR6
100 0 0 _aRose, C. W.
_9100074
245 _aAgricultural physics
260 _aOxford :
_bPergamon,
_c1966
300 _a230 p.
_b: ilus.
590 _aBATCH-UPD
_b10
_c20130110
_lUCH01
_h0830
590 _aBATCH-UPD
_b10
_c20130410
_lUCH01
_h0508
590 _aBATCH-UPD
_b10
_c20130914
_lUCH01
_h1629
590 _aCONVERSION
_b10
_c20130109
_lUCH01
_h1329
650 1 4 _aFísica agrícola.
_941995
901 _aBK
942 _cLIBRO
949 _a630.23 R6
_bBC
_cLIBRO
_d-125759
_eLIBRO
_fc.2
_h31627
_i57895
_si
_t102.00
949 _a630.23 R6
_bBC
_cLIBRO
_d33724000548624
_eLIBRO
_fc.3
_h39126
_i57895
_si
_t102.00
949 _a630.23 R6
_bBC
_cLIBRO
_d33724000548632
_eLIBRO
_h29782
_i57895
_si
_t102.00
999 _c52773
_d52773